Statistiche per Paesi più Grandi di 2.000.000 di Km2

Clicka qui per fare il quiz!

Statistiche generali

  • Questo quiz è stato fatto 22 volte
  • Il punteggio medio è 11 su 12

Statistiche sulle risposte

SuperficiePaese% Corretto
2,780,400Argentina
100%
7,741,220Australia
100%
8,514,877Brasile
100%
9,984,670Canada
100%
3,287,263India
100%
17,098,242Russia
100%
9,826,675Stati Uniti
100%
9,596,961Cina
91%
2,724,900Kazakistan
82%
2,344,858Rep. Dem. del Congo
82%
2,381,741Algeria
73%
2,149,690Arabia Saudita
73%

Distribuzione punteggi

Percentile per numero di risposta

Percentuale di utenti per punteggio

I tuoi punteggi nel tempo

Non hai fatto questo quiz